00856nam a2200217Ia 4500003000400000005001700004008004100021020001800062040000700080041000800087082001300095100004700108245012000155260003300275300001700308365001300325906012700338942001200465999001900477952014200496OSt20230411113101.0210423s2010 xx 000 0 und d a9788174468192 cAL aeng a658 JAIR aJAIN (Rajendra);LAKHOTIA (Neha),Ed.986018 aManaging corporate responsibility and risk for synergising business practices to achieve organizational excellence. aNew DelhibExcel Booksc2010 axvii,515bPB b695cINR aachieve ; business ; corporate ; excellence. ; Managing ; organizational ; practices ; responsibility ; risk ; synergising 2ddccBK c158451d158451 001040708MCOMaSACPGbSACPGd2010-07-29eAthulya Booksg695.00l2o658 JAIRpPG004928r2025-07-15 15:23:27s2025-07-15w2021-04-26yBK